[Event "Catania op"]
[Site "Catania"]
[Date "1991.??.??"]
[Round "?"]
[White "Mijatovic, Angelina"]
[Black "Sulava, Nenad"]
[Result "0-1"]
[WhiteElo "2105"]
[BlackElo "2405"]
[PlyCount "110"]
[EventDate "1991.08.04"]
[EventType "swiss"]
[EventRounds "9"]
[EventCountry "ITA"]
[SourceTitle "EXT 2002"]
[Source "ChessBase"]
[SourceDate "2001.11.25"]
[SourceVersion "1"]
[SourceVersionDate "2001.11.25"]
[SourceQuality "1"]

1. d4 Nf6 2. c4 c5 3. Nf3 cxd4 4. Nxd4 e5 5. Nc2 a6 6. Nc3 Nc6 7. e4 Bc5 8. Be3 Bxe3 9. Nxe3 d6 10. Bd3 0-0 11. 0-0 Be6 12. Ncd5 Rc8 13. Rc1 g6 14. Qb3 Nd4 15. Qxb7 Rb8 16. Qxa6 Rxb2 17. Qa3 Rb8 18. Nxf6+ Qxf6 19. Rb1 Ra8 20. Qb2 h5 21. Nd5 Bxd5 22. cxd5 h4 23. h3 Ra4 24. Qd2 Rfa8 25. Rb2 Ra3 26. Kh1 g5 27. f3 Kg7 28. Rf2 Rc8 29. Rf1 Rcc3 30. Be2 Re3 31. Qd1 Qf4 32. Rd2 g4 33. hxg4 h3 34. Rf2 Rxe4 35. Bd3 Re3 36. Be4 hxg2+ 37. Kxg2 Rxe4 38. fxe4 Qxe4+ 39. Kg1 Nf3+ 40. Rxf3 Rxf3 41. Rg2 Qe3+ 42. Kh1 Rh3+ 43. Rh2 Qe4+ 44. Kg1 Rg3+ 45. Kf1 Rxg4 46. Qd2 Qf4+ 47. Qxf4 Rxf4+ 48. Ke1 Rd4 49. Rd2 Rxd2 50. Kxd2 Kf8 51. Kc3 Ke7 52. a4 Kd7 53. Kb4 Kc7 54. Kb5 e4 55. a5 e3 0-1

[Event "Catania op 2nd"]
[Site "Catania"]
[Date "1990.08.06"]
[Round "3"]
[White "Mijatovic, Angelina"]
[Black "Bellomo, Francesco"]
[Result "1/2-1/2"]
[WhiteElo "2110"]
[BlackElo "2205"]
[PlyCount "76"]
[EventDate "1990.08.04"]
[EventType "swiss"]
[EventRounds "9"]
[EventCountry "ITA"]
[SourceTitle "EXT 2023"]
[Source "ChessBase"]
[SourceDate "2022.10.05"]
[SourceVersion "1"]
[SourceVersionDate "2022.10.05"]
[SourceQuality "1"]

1. Nf3 Nf6 2. g3 g6 3. Bg2 Bg7 4. 0-0 0-0 5. d4 d6 6. c4 c6 7. Nc3 Bg4 8. h3 Bxf3 9. Bxf3 Nbd7 10. Rb1 e5 11. e3 Re8 12. Qc2 Qe7 13. b4 Qe6 14. d5 cxd5 15. Nxd5 Rac8 16. Nxf6+ Nxf6 17. Kg2 b6 18. Qa4 Re7 19. Be2 Ne4 20. Qc2 d5 21. Rh1 Rec7 22. Ba3 Qf5 23. Bg4 Qf6 24. Bxc8 Rxc4 25. Qb2 Rxc8 26. Rbc1 Rxc1 27. Rxc1 h5 28. Qe2 Qe6 29. b5 Ng5 30. g4 e4 31. Rc6 Qe5 32. Bd6 Qa1 33. gxh5 Nf3 34. Qf1 Nh4+ 35. Kg1 Nf3+ 36. Kg2 Nh4+ 37. Kg1 Nf3+ 38. Kg2 Nh4+ 1/2-1/2

[Event "Catania op 2nd"]
[Site "Catania"]
[Date "1990.08.05"]
[Round "2"]
[White "Mijatovic, Angelina"]
[Black "Alfarone, Giovanni"]
[Result "1-0"]
[WhiteElo "2110"]
[BlackElo "2280"]
[PlyCount "73"]
[EventDate "1990.08.04"]
[EventType "swiss"]
[EventRounds "9"]
[EventCountry "ITA"]
[SourceTitle "EXT 2023"]
[Source "ChessBase"]
[SourceDate "2022.10.05"]
[SourceVersion "1"]
[SourceVersionDate "2022.10.05"]
[SourceQuality "1"]

1. c4 c6 2. d4 d5 3. Nc3 Nf6 4. Bg5 e6 5. Nf3 Be7 6. e3 Nbd7 7. cxd5 exd5 8. Bd3 0-0 9. Qc2 Re8 10. 0-0 h6 11. Bf4 Nh5 12. Bg3 Nxg3 13. hxg3 Nf6 14. Bf5 Bd6 15. Rae1 Bxf5 16. Qxf5 Qc8 17. Nh4 Qxf5 18. Nxf5 Bc7 19. Rc1 g6 20. Nh4 Bd6 21. a3 Kg7 22. Nf3 g5 23. Na4 Ne4 24. Nc5 Bxc5 25. dxc5 a5 26. b3 Kg6 27. Rfd1 h5 28. Nd4 g4 29. Rc2 Rh8 30. Kf1 h4 31. gxh4 Rxh4 32. Ke2 Rh2 33. Rg1 f5 34. Kd3 Kf6 35. f3 gxf3 36. Nxf3 Rg8 37. Nxh2 1-0